00511nam a2200169Ia 4500008004100000040001900041041001200060082002100072245005700093260002600150300002400176650000800200850001400208942000700222999001700229952009500246131103s9999 xx 000 0 und d aLoreto College aEnglish aREF/LbLCBED/392 2aA Keepsake of beautiful thoughts in prose and poetry aU.S.A.bIdealsc[19?] a63p.b ill.c 25cm. aREF aLCBED/REF cBK c34146d84625 00104070aMAINbMAINd2013-11-04l0oREF/L LCBED/392pB37004r2013-11-04w2013-11-04yBK